000 00714nam a22001937a 4500
005 20260305095245.0
008 260303b |||||||| |||| 00| 0 eng d
020 _a9789393875020
040 _cVITAP
082 _223
_a915.496 RAM
100 _aRamanan, Vrinda
_917175
245 _aMountains Of Our Destiny: The Himalayas
_b: An Expedition to The Indian Range
_c/ Vrinda Ramanan
260 _aChennai
_bTHG Publishing Pvt. Ltd
_c2022
300 _a325p,ill: 23*34cm
500 _aIt include bibliography
650 0 _aThe Himalayas, Mountaineering & Expedition Life, Adventure & Exploration, Geography & Environment, Local Culture & Communities etc.
_917176
700 _aRamanan, J
_917177
942 _2ddc
_cREF
999 _c47314
_d47314